Élelmiszer gyártó berendezésekre vonatkozó műszaki- jogi- megfelelőség elérésének fejlesztése

Bibliográfiai részletek
Szerző: Ángyán Mirella
További közreműködők: Miskolczi Tibor
Dokumentumtípus: Diplomadolgozat
Kulcsszavak:CE-jelölés
Élelmiszeripar
Higiénia
Jogi szabályozás
Online Access:http://dolgozattar.uni-bge.hu/16374

MARC

LEADER 00000nta a2200000 i 4500
001 dolg16374
005 20200513062804.0
008 180514suuuu hu om 000 hun d
040 |a BGE Dolgozattár Repozitórium  |b hun 
041 |a hu 
100 1 |a Ángyán Mirella 
245 1 0 |a Élelmiszer gyártó berendezésekre vonatkozó műszaki- jogi- megfelelőség elérésének fejlesztése  |c Ángyán Mirella  |h [elektronikus dokumentum] 
246 1 1 |a Élelmiszer gyártó berendezésekre vonatkozó műszaki- jogi- megfelelőség elérésének fejlesztése 
695 |a CE-jelölés 
695 |a Élelmiszeripar 
695 |a Higiénia 
695 |a Jogi szabályozás 
700 1 |a Miskolczi Tibor  |e ths 
856 4 0 |u http://dolgozattar.uni-bge.hu/16374/1/BGE_szakdolgozat_%C3%81ngy%C3%A1n%20Mirella.pdf  |z Dokumentum-elérés